Sports Quiz

Random Sports Quiz

AFL Teams Quiz Stats

 Plays Quiz not verified by Sporcle

Challenge
Share
Tweet
Embed
Score 0/5 Timer 10:00
0 Plays Today
Team % Correct
Baltimore Brigade
100%
Washington Valor
100%
Albany Empire
100%
Philadelphia Soul
90.9%
Cleveland Gladiators
87.9%

You're not logged in!

Compare scores with friends on all Sporcle quizzes.
OR
Log In

You Might Also Like...

Show Comments

Extras

Created Jul 2, 2014ReportNominate
Tags:afl, AFL Teams, team

Top Quizzes Today


Score Distribution

Your Account Isn't Verified!

In order to create a playlist on Sporcle, you need to verify the email address you used during registration. Go to your Sporcle Settings to finish the process.

Report this User

Report this user for behavior that violates our Community Guidelines.

Details: